Números e formas (Registo nº 3322)

Detalhes MARC
000 -Etiqueta do registo
Cabeçalho 00908nam a22003011 4500
005 - Identificador da versão
Campo de controlo 20240813121959.0
010 ## - Número internacional normalizado dos livros (ISBN)
Número (ISBN) 9728786131
100 ## - Dados gerais de processamento
Dados gerais de processamento 20061015d2003 cd y0pory500305 ba
102 ## - Pais de publicação ou produção
País de publicação Portugal
101 1# - Língua de publicação
Língua do texto, banda sonora, etc. Português
Língua do documento no original Espanhol
106 ## - Campo de dados codificados: material textual
Dados codificados do material textual r
105 ## - Campo de dados codificados: livros
Dados codificados dos livros a z 001yy
215 ## - Descrição física 
Indicação específica da natureza do documento e extensão da espécie 48 p.
Outras indicações físicas il.
Dimensões 31 cm
200 1# - Titulo e menção de responsabilidade
Título próprio Números e formas
Informação de outro título actividades criativas para a educação infantil
Primeira menção de responsabilidade textos de Mònica Martí i Garbayo, Isabel Sanz Muelas
Outras menções de responsabilidade des. Toni Inglès
225 2# - Colecção 
Título próprio da colecção Palmo a Palmo
205 ## - Menção da edição
Menção da edição 1ª ed
210 ## - Publicação, Distribuição, etc. 
Lugar da edição, distribuição, etc. Setúbal
Nome do editor, distribuidor, etc. Marina Editores
Data da publicação, distribuição, etc. 2003
300 ## - Notas gerais 
Texto da nota Inclui moldes
606 ## - Nome comum usado como assunto
Número de registo de entrada de autoridade 0001439
Palavra de ordem Arte
Subdivisão de assunto Trabalhos manuais
675 ## - Classificação Decimal Universal (CDU)
Notação 745
Edição
Língua da edição por
702 #1 - Nome de autor-pessoa física (responsabilidade secundária)
Número de registo de entrada de autoridade 0001754
Palavra de ordem Inglès
Outra parte do nome não tomada para palavra de ordem Toni
Código de função Técnico gráfico / Colorista / Desenhador gráfico / Designer / Impressor de fotografias / Técnico de desenho computorizado
701 #1 - Nome de autor-pessoa física (co-responsabilidade principal)
Palavra de ordem Muelas
Outra parte do nome não tomada para palavra de ordem Isabel Sanz
Código de função Autor / Co-autor
700 #1 - Nome de autor-pessoa física (responsabilidade principal)
Número de registo de entrada de autoridade 0001752
Palavra de ordem Martí i Garbayo
Outra parte do nome não tomada para palavra de ordem Mònica
942 ## - Elementos de entrada adicionados (Koha)
Tipo de item no Koha Livro
Exemplares
Situação do levantamento Origin of item (home branch) (coded) Biblioteca de empréstimo Código de barras Cota Circulation type (not for loan) Tipo de documento Nota do exemplar Damaged status
  Biblioteca Escolar da Coca Maravilhas Biblioteca Escolar da Coca Maravilhas BECM7733/06 7TMA PAL   Livro Sem mensagem